000 00505nam a22001697a 4500
005 20140612120310.0
010 _aENG-110202
020 _a9788179981399
_c275.00
035 _aEN-93734
037 _bDBAD/PUB
100 _aSudha, G.S.
245 _aProduction and materials management :
_cby G.S. Sudha
_bwith mini cases, problems and helpful hints /
260 _aJaipur
_bMalik and company
_c2014
270 _a337, chaura rasta
_bJaipur
_e302003
300 _a360p.
_c23cm(pbk)
942 _2ddc
_cEN
_mSUD
999 _c85067
_d85067